000 00849nam a22002897a 4500
001 BR9802931
003 BR-BrBNA
005 20240312064015.0
007 ta
008 230509b bl.||||| |||| 00| 0 por d
040 _aBR-BrBNA
_bpor
_cBiblioteca Nacional de Agricultura
041 _a(Por)
072 _aA50
090 _aA50
_bBR9802931
110 1 _aEmpresa Brasileira de Pesquisa Agropecuaria, Brasilia, DF (Brasil). Depto. Tecnico Cientifico
245 1 _aAvaliacao tecnico-institucional da PESAGRO-Rio
260 3 _aBrasilia, DF (Brasil):
_c[nd].
300 _a69 p.
500 _a9 tables
650 _aInstituicao de Pesquisa
650 _aPrograma de Pesquisa
650 _aPolitica de Pesquisa
650 _aAdministracao de Pesquisa
650 _aPesquisa Agricola
650 _aEstacao Experimental
942 _cBK
_2AGRIS
999 _c59330
_d59330